| Tag |
First Indicator |
Second Indicator |
Subfields |
| LEADER |
00000cam a2200000 a 4500 |
| 001 |
in00000990268 |
| 005 |
20150927180211.0 |
| 008 |
901102s1991 nyua b 001 0 eng |
| 010 |
|
|
|a 90023329
|
| 019 |
|
|
|a 25283573
|
| 020 |
|
|
|a 0898625556 (alk. paper)
|
| 035 |
|
|
|a (OCoLC)22767137
|
| 035 |
|
|
|9 AEY9416AM
|
| 040 |
|
|
|a DLC
|c DLC
|d NLM
|d TXA
|d UtOrBLW
|
| 049 |
|
|
|a TXAM
|
| 050 |
0 |
0 |
|a BF575.J4
|b P79 1991
|
| 060 |
0 |
0 |
|a BF 575.J4
|b P974 1991
|
| 069 |
0 |
|
|a 9202139
|
| 082 |
0 |
0 |
|a 152.4
|2 20
|
| 245 |
0 |
4 |
|a The Psychology of jealousy and envy /
|c edited by Peter Salovey.
|
| 246 |
1 |
8 |
|a Psychology of jealousy & envy
|
| 246 |
3 |
0 |
|a Jealousy and envy
|
| 264 |
|
1 |
|a New York :
|b Guilford Press,
|c [1991]
|
| 264 |
|
4 |
|c ©1991
|
| 300 |
|
|
|a xviii, 293 pages :
|b illustrations ;
|c 23 cm.
|
| 336 |
|
|
|a text
|b txt
|2 rdacontent
|
| 337 |
|
|
|a unmediated
|b n
|2 rdamedia
|
| 338 |
|
|
|a volume
|b nc
|2 rdacarrier
|
| 504 |
|
|
|a Includes bibliographical references and index.
|
| 650 |
|
0 |
|a Jealousy.
|
| 650 |
|
0 |
|a Envy.
|
| 650 |
|
2 |
|a Interpersonal Relations.
|
| 650 |
|
2 |
|a Jealousy.
|
| 700 |
1 |
|
|a Salovey, Peter.
|
| 999 |
|
|
|a MARS
|
| 999 |
f |
f |
|s 28cd3f89-7a70-38ab-80de-9f5126e33223
|i 0af1a0d0-0bd7-3130-8572-f5fb99673a5e
|t 0
|
| 952 |
f |
f |
|p ric
|a Texas A&M University
|b Rellis Campus
|c Joint Library Facility
|d Remote Storage
|t 0
|e BF575.J4 P79 1991
|h Library of Congress classification
|i unmediated -- volume
|m A14821080460
|
| 998 |
f |
f |
|a BF575.J4 P79 1991
|t 0
|l Remote Storage
|